[Event "FIDE Open Sachove Univerzity QCC"]
[Site "Ceske Budejovice"]
[Date "2020.07.02"]
[Round "2.4"]
[White "Zezula, Matej"]
[Black "Gorej, Vojtech"]
[Result "0-1"]
[WhiteElo "1125"]
[BlackElo "1395"]
[Annotator "NA"]
[PlyCount "84"]
[EventDate "2020.07.01"]
[EventType "swiss"]
[EventCountry "CZE"]
[SourceTitle "playchess.com"]
[Source "ChessBase"]
[SourceQuality "1"]
[TimeControl "40/5400+30:1800+30"]

1. e4 {[%emt 0:00:00]} e6 {[%emt 0:03:07]} 2. d4 {[%emt 0:00:00]} d5 {[%emt 0:01:03]} 3. exd5 {[%emt 0:00:00]} exd5 {[%emt 0:01:20]} 4. c4 {[%emt 0:00:08]} dxc4 {[%emt 0:04:23]} 5. Bxc4 {[%emt 0:00:54]} Bb4+ {[%emt 0:03:53]} 6. Nc3 {[%emt 0:01:05]} Qe7+ {[%emt 0:03:54]} 7. Be3 {[%emt 0:05:35]} Nf6 {[%emt 0:04:05]} 8. Nf3 {[%emt 0:03:32]} O-O {[%emt 0:06:30]} 9. O-O {[%emt 0:00:48]} Bg4 {[%emt 0:05:01]} 10. h3 {[%emt 0:02:52]} Bf5 {[%emt 0:02:42]} 11. Bg5 {[%emt 0:01:33]} c6 {[%emt 0:02:19]} 12. Re1 {[%emt 0:02:27]} Qd6 {[%emt 0:01:44]} 13. Re5 {[%emt 0:18:50]} Bg6 {[%emt 0:04:59]} 14. Bxf6 {[%emt 0:03:41]} Qxf6 {[%emt 0:03:40]} 15. Bd3 {[%emt 0:03:56]} Nd7 {[%emt 0:03:15]} 16. Rg5 {[%emt 0:01:33]} h6 {[%emt 0:06:02]} 17. Rxg6 {[%emt 0:01:45]} fxg6 {[%emt 0:02:55]} 18. Qb3+ {[%emt 0:00:21]} Kh7 {[%emt 0:02:30]} 19. Qxb4 {[%emt 0:00:27]} b6 {[%emt 0:00:56]} 20. Ne4 {[%emt 0:00:45]} Qd8 {[%emt 0:03:05]} 21. Qd6 {[%emt 0:08:20]} Nf6 {[%emt 0:01:19]} 22. Nxf6+ {[%emt 0:02:35]} Rxf6 {[%emt 0:01:56]} 23. Qg3 {[%emt 0:02:04]} Qd6 {[%emt 0:04:04]} 24. Qh4 {[%emt 0:15:41]} Qf4 {[%emt 0:04:19]} 25. Qxf4 {[%emt 0:01:42]} Rxf4 {[%emt 0:00:11]} 26. Ne5 {[%emt 0:00:32]} Rf6 {[%emt 0:01:27]} 27. Rc1 {[%emt 0:00:55]} Rc8 {[%emt 0:04:13]} 28. Be4 {[%emt 0:02:54]} c5 {[%emt 0:00:56]} 29. Nxg6 {[%emt 0:03:28]} Rxg6 {[%emt 0:00:29]} 30. Bxg6+ {[%emt 0:00:36]} Kxg6 {[%emt 0:00:04]} 31. dxc5 {[%emt 0:00:20]} Rxc5 {[%emt 0:00:42]} 32. Rxc5 {[%emt 0:00:31]} bxc5 {[%emt 0:00:09]} 33. Kf1 {[%emt 0:00:05]} Kf5 {[%emt 0:00:25]} 34. Ke1 {[%emt 0:00:58]} Ke4 {[%emt 0:00:26]} 35. Ke2 {[%emt 0:00:10]} c4 {[%emt 0:00:12]} 36. Kd2 {[%emt 0:01:04]} Kd4 {[%emt 0:00:23]} 37. Kc2 {[%emt 0:00:41]} a5 {[%emt 0:01:36]} 38. a3 {[%emt 0:01:51]} a4 {[%emt 0:00:53]} 39. Kd2 {[%emt 0:01:20]} g5 {[%emt 0:01:26]} 40. g4 {[%emt 0:00:54]} Ke4 {[%emt 0:00:33]} 41. b4 {[%emt 0:30:24]} cxb3 42. Kc3 Kf3 {[%emt 0:32:28]} 0-1

[Event "FIDE Open Sachove Univerzity QCC"]
[Site "Ceske Budejovice"]
[Date "2020.07.02"]
[Round "2.6"]
[White "Straka, Zdenek"]
[Black "Kaucky, Jaroslav"]
[Result "1-0"]
[WhiteElo "1812"]
[BlackElo "1573"]
[Annotator "NA"]
[PlyCount "81"]
[EventDate "2020.07.01"]
[EventType "swiss"]
[EventCountry "CZE"]
[SourceTitle "playchess.com"]
[Source "ChessBase"]
[SourceQuality "1"]
[TimeControl "40/5400+30:1800+30"]

1. d4 {[%emt 0:00:00]} Nf6 {[%emt 0:06:05]} 2. Bf4 {[%emt 0:04:31]} d5 {[%emt 0:01:28]} 3. e3 {[%emt 0:01:04]} e6 {[%emt 0:00:26]} 4. Nf3 {[%emt 0:00:58]} c5 {[%emt 0:03:06]} 5. c3 {[%emt 0:01:05]} c4 {[%emt 0:00:02]} 6. Nbd2 {[%emt 0:03:25] D02: 1 d4 d5 2 Nf3 sidelines, including 2...Nf6 3 g3 and 2...Nf6 3 Bf4.} Bd6 {[%emt 0:04:16]} 7. Ne5 {[%emt 0:02:43]} O-O {[%emt 0:00:50]} 8. Be2 {[%emt 0:01:50]} b5 {[%emt 0:11:39] [#]} 9. Qc2 $146 {[%emt 0:00:01]} ({Predecessor:} 9. O-O Qc7 10. b3 Nfd7 11. Ndf3 f6 12. Nxd7 Nxd7 13. Bg3 f5 14. bxc4 bxc4 15. Qc2 {½-½ (51) Rapaport,A (1287)-Rodriguez Gomez,J (1585) Colmenarejo 2018}) 9... Qc7 {[%emt 0:02:01]} 10. Ndf3 {[%emt 0:02:23]} ({White should play} 10. a4 $11) 10... Ne4 {[%emt 0:03:40]} 11. Nd2 {[%emt 0:04:01]} f6 {[%emt 0:01:59]} 12. Nxe4 {[%emt 0:02:23]} dxe4 {[%emt 0:00:28]} 13. Qxe4 {[%emt 0:04:40]} Bb7 {[%emt 0:15:55]} 14. Nc6 {[%emt 0:00:03]} Bxf4 {[%emt 0:02:12]} 15. Qxe6+ {[%emt 0:08:01]} Kh8 {[%emt 0:00:57]} 16. Nxb8 {[%emt 0:01:52]} Bh6 $2 {[%emt 0:00:24]} ({Worse is} 16... Qxb8 17. exf4 Bxg2 18. Rg1 $11) ({Black should try} 16... Raxb8 $19 17. exf4 Rbe8) 17. Nd7 {[%emt 0:03:38]} ({Only move:} 17. Na6 $16 Qd8 18. Nc5 Bxg2 19. Rg1) 17... Bc8 {[%emt 0:01:01]} (17... Rfd8 $11 {remains equal.}) 18. Nxf8 {[%emt 0:03:17]} Bxe6 {[%emt 0:06:44]} 19. Nxe6 {[%emt 0:00:22]} Qc6 {[%emt 0:00:02]} 20. Bf3 {[%emt 0:00:14]} Qxe6 {[%emt 0:00:21]} 21. Bxa8 {[%emt 0:01:17]} Bxe3 {[%emt 0:00:12]} 22. O-O {[%emt 0:01:15]} Bf4 {[%emt 0:00:30]} 23. Rfe1 {[%emt 0:01:29]} Qc8 {[%emt 0:01:43]} 24. Bf3 {[%emt 0:01:15]} h6 {[%emt 0:00:30]} 25. Re7 {[%emt 0:01:17]} Bd6 {[%emt 0:03:07]} 26. Rxa7 {[%emt 0:01:14]} Bxh2+ {[%emt 0:02:01]} 27. Kh1 {[%emt 0:00:42]} Bb8 {[%emt 0:02:12]} 28. Rb7 {[%emt 0:01:01]} Qe8 $18 {[%emt 0:01:31]} 29. Kg1 {[%emt 0:00:50]} Kh7 {[%emt 0:01:50]} 30. Kf1 {[%emt 0:01:24]} Bf4 {[%emt 0:00:31]} 31. Re1 {[%emt 0:05:35]} Qg6 {[%emt 0:00:24]} 32. Rxb5 {[%emt 0:01:38]} f5 {[%emt 0:03:06]} 33. Rxf5 {[%emt 0:05:03]} Qd6 {[%emt 0:02:27]} 34. Rc5 {[%emt 0:03:43]} g6 {[%emt 0:08:31]} 35. Rc6 {[%emt 0:02:30]} Qd8 {[%emt 0:00:58]} 36. g3 {[%emt 0:00:42]} Bg5 {[%emt 0:04:14]} 37. Ree6 {[%emt 0:00:31]} Kg7 {[%emt 0:00:56]} 38. Rxg6+ {[%emt 0:01:05]} Kf7 {[%emt 0:00:39]} 39. Rgd6 {[%emt 0:00:20]} Qb8 {[%emt 0:01:19]} 40. Rb6 {[%emt 0:00:42]} Qa7 {[%emt 0:01:05]} 41. Rb7+ {[%emt 0:30:07]} 1-0

[Event "FIDE Open Sachove Univerzity QCC"]
[Site "Ceske Budejovice"]
[Date "2020.07.02"]
[Round "2.7"]
[White "Martirosyan, David"]
[Black "Pokora, Lubomir"]
[Result "1/2-1/2"]
[WhiteElo "1560"]
[BlackElo "1800"]
[Annotator "NA"]
[PlyCount "50"]
[EventDate "2020.07.01"]
[EventType "swiss"]
[EventCountry "CZE"]
[SourceTitle "playchess.com"]
[Source "ChessBase"]
[SourceQuality "1"]
[TimeControl "40/5400+30:1800+30"]

1. e4 {[%emt 0:00:07]} d6 {[%emt 0:00:00]} 2. d4 {[%emt 0:00:10]} Nf6 {[%emt 0:00:00]} 3. Nc3 {[%emt 0:00:18]} Nbd7 {[%emt 0:00:32]} 4. Nf3 {[%emt 0:01:59]} e5 {[%emt 0:01:09]} 5. dxe5 {[%emt 0:03:31]} dxe5 {[%emt 0:00:18]} 6. Bc4 {[%emt 0:02:34]} Be7 {[%emt 0:01:55]} 7. O-O {[%emt 0:02:19]} O-O {[%emt 0:01:26]} 8. a3 {[%emt 0:03:55]} c6 {[%emt 0:02:06]} 9. b4 {[%emt 0:02:04]} Qc7 {[%emt 0:02:06]} 10. Bb2 {[%emt 0:01:36]} Nb6 {[%emt 0:04:26]} 11. Bb3 {[%emt 0:02:35]} Bg4 {[%emt 0:05:36]} 12. h3 {[%emt 0:01:59]} Rad8 {[%emt 0:02:46]} 13. Qe2 {[%emt 0:01:35]} Bh5 {[%emt 0:07:02]} 14. Rad1 {[%emt 0:02:30]} Nfd7 {[%emt 0:05:41]} 15. a4 {[%emt 0:05:09]} Bxb4 {[%emt 0:01:29]} 16. Na2 {[%emt 0:01:49]} Be7 {[%emt 0:02:41]} 17. Nc1 {[%emt 0:01:54]} Nc5 {[%emt 0:07:29]} 18. g4 {[%emt 0:02:17]} Nxb3 {[%emt 0:04:04]} 19. Nxb3 {[%emt 0:01:28]} Bg6 {[%emt 0:02:27]} 20. Bxe5 {[%emt 0:03:32]} Qc8 {[%emt 0:00:44]} 21. a5 {[%emt 0:03:41]} Nd7 {[%emt 0:03:50]} 22. Bg3 {[%emt 0:06:09]} Rfe8 {[%emt 0:09:05]} 23. e5 {[%emt 0:04:40]} Nf8 {[%emt 0:09:40]} 24. Nh4 {[%emt 0:11:16]} h6 {[%emt 0:06:17]} 25. f4 {[%emt 0:02:21]} Rxd1 {[%emt 0:02:42]} 1/2-1/2

[Event "FIDE Open Sachove Univerzity QCC"]
[Site "Ceske Budejovice"]
[Date "2020.07.02"]
[Round "2.8"]
[White "Valtr, Filip"]
[Black "Chmelik, Benedikt"]
[Result "1-0"]
[WhiteElo "1784"]
[BlackElo "1571"]
[Annotator "NA RC"]
[PlyCount "139"]
[EventDate "2020.07.01"]
[EventType "swiss"]
[EventCountry "CZE"]
[SourceTitle "playchess.com"]
[Source "ChessBase"]
[SourceQuality "1"]
[TimeControl "40/5400+30:1800+30"]

1. e4 {[%emt 0:01:45]} c5 {[%emt 0:00:00]} 2. Nf3 {[%emt 0:00:30]} d6 {[%emt 0:00:50]} 3. d4 {[%emt 0:00:23]} cxd4 {[%emt 0:00:04]} 4. Nxd4 {[%emt 0:00:06]} Nf6 {[%emt 0:00:03]} 5. Nc3 {[%emt 0:00:15]} g6 {[%emt 0:00:06]} 6. Bd3 {[%emt 0:00:10]} Nc6 {[%emt 0:01:17]} 7. Nxc6 {[%emt 0:00:13]} bxc6 {[%emt 0:00:37]} 8. O-O {[%emt 0:00:07]} Bg7 {[%emt 0:00:12]} 9. h3 {[%emt 0:00:09]} O-O {[%emt 0:00:58]} 10. Qe2 {[%emt 0:00:20]} Qc7 {[%emt 0:05:21]} 11. Bc4 {[%emt 0:04:04]} Bb7 {[%emt 0:03:26]} 12. Bg5 {[%emt 0:01:09]} d5 {[%emt 0:04:24]} 13. exd5 {[%emt 0:05:46]} cxd5 {[%emt 0:15:05]} 14. Bb3 {[%emt 0:03:19]} e6 {[%emt 0:02:02]} 15. Ba4 {[%emt 0:01:28]} Rac8 {[%emt 0:09:46]} 16. Rfe1 {[%emt 0:07:31]} Bc6 {[%emt 0:12:28]} 17. Bb3 {[%emt 0:03:48]} Qb7 {[%emt 0:08:16]} 18. g3 {[%emt 0:06:05]} a6 {[%emt 0:05:35]} 19. Kh2 {[%emt 0:03:19]} Bb5 {[%emt 0:04:25]} 20. Nxb5 {[%emt 0:02:10]} Qxb5 {[%emt 0:00:29]} 21. c3 {[%emt 0:00:18]} Ne4 {[%emt 0:00:53]} 22. Be3 {[%emt 0:02:58]} Nc5 {[%emt 0:05:41]} 23. Qxb5 {[%emt 0:03:02]} axb5 {[%emt 0:00:57]} 24. Bc2 {[%emt 0:00:05]} Na4 {[%emt 0:01:06]} 25. Rab1 {[%emt 0:02:48]} Rc6 {[%emt 0:00:24]} 26. Bd3 {[%emt 0:00:36]} Rb8 {[%emt 0:00:33]} 27. Bf4 {[%emt 0:03:43]} Rb7 {[%emt 0:01:09]} 28. Kg2 {[%emt 0:02:05]} Nc5 {[%emt 0:01:53]} 29. Be2 {[%emt 0:01:13]} Na4 {[%emt 0:00:51]} 30. Bd2 {[%emt 0:09:57]} d4 {[%emt 0:02:25]} 31. Bf3 {[%emt 0:02:54]} Rbc7 {[%emt 0:01:37]} 32. Bxc6 {[%emt 0:01:21]} Rxc6 {[%emt 0:00:10]} 33. cxd4 {[%emt 0:00:01]} Bxd4 {[%emt 0:00:20]} 34. b3 {[%emt 0:00:02]} Nc3 {[%emt 0:01:13]} 35. Bxc3 {[%emt 0:00:57]} Bxc3 {[%emt 0:01:13]} 36. Red1 {[%emt 0:00:37]} Ra6 {[%emt 0:02:05]} 37. Rbc1 {[%emt 0:00:31]} b4 {[%emt 0:00:25]} 38. Rc2 {[%emt 0:00:26]} Kg7 {[%emt 0:00:12]} 39. Rd7 {[%emt 0:00:40]} h6 {[%emt 0:00:34]} 40. f4 {[%emt 0:00:49]} Kf6 {[%emt 0:00:38]} 41. Kf3 {[%emt 0:30:30]} Ra5 {[%emt 0:30:23]} 42. Ke4 {[%emt 0:01:22]} Kg7 {[%emt 0:01:18]} 43. Kd3 {[%emt 0:01:36]} Kf8 {[%emt 0:01:53]} 44. Kc4 {[%emt 0:01:33]} Be1 {[%emt 0:00:44]} 45. Rg2 {[%emt 0:01:26]} Rh5 {[%emt 0:02:43]} 46. h4 {[%emt 0:00:32]} g5 {[%emt 0:00:57]} 47. hxg5 {[%emt 0:01:12]} hxg5 {[%emt 0:02:05]} 48. g4 {[%emt 0:00:42]} Rh6 {[%emt 0:00:57]} 49. fxg5 {[%emt 0:00:00]} Rg6 {[%emt 0:00:00]} 50. Rc7 {[%emt 0:00:00]} Rxg5 {[%emt 0:00:00]} 51. Kd3 {[%emt 0:00:00]} Rd5+ {[%emt 0:00:00]} 52. Ke4 {[%emt 0:00:00]} Rg5 {[%emt 0:00:00]} 53. Kf3 {[%emt 0:00:00]} Bc3 {[%emt 0:00:00]} 54. Rg1 {[%emt 0:00:00]} Rd5 {[%emt 0:00:00]} 55. Rf1 {[%emt 0:00:00]} Ra5 {[%emt 0:00:00]} 56. Rf2 {[%emt 0:00:00]} Rd5 {[%emt 0:00:00]} 57. Kg2 {[%emt 0:00:00]} f6 {[%emt 0:00:00]} 58. a4 {[%emt 0:00:00]} Rg5 {[%emt 0:00:00]} 59. Kh3 {[%emt 0:00:00]} Rd5 {[%emt 0:00:00]} 60. Rb7 {[%emt 0:00:00]} Rd3+ {[%emt 0:00:00]} 61. Kg2 {[%emt 0:00:00]} Rd5 {[%emt 0:00:00]} 62. Ra2 {[%emt 0:00:00]} Ra5 {[%emt 0:01:06]} 63. Kf3 {[%emt 0:00:00]} Ke8 {[%emt 0:00:25]} 64. Rh2 {[%emt 0:00:00]} f5 {[%emt 0:00:14]} 65. g5 {[%emt 0:00:00]} f4 {[%emt 0:00:15]} 66. g6 {[%emt 0:00:00]} Rg5 {[%emt 0:00:55]} 67. Rg2 {[%emt 0:00:00]} Rxg2 {[%emt 0:01:23]} 68. Kxg2 {[%emt 0:00:00]} Kf8 {[%emt 0:00:05]} 69. a5 {[%emt 0:00:00]} e5 {[%emt 0:00:51]} 70. Kf3 {[%emt 0:00:00]} 1-0

[Event "FIDE Open Sachove Univerzity QCC"]
[Site "Ceske Budejovice"]
[Date "2020.07.02"]
[Round "2.9"]
[White "Popov, Roman"]
[Black "Petkov, Andon"]
[Result "1/2-1/2"]
[WhiteElo "2353"]
[BlackElo "1776"]
[Annotator "TA"]
[PlyCount "109"]
[EventDate "2020.07.01"]
[EventType "swiss"]
[EventCountry "CZE"]
[SourceTitle "playchess.com"]
[Source "ChessBase"]
[SourceQuality "1"]

{[%evp 20,109,26,24,74,62,91,54,79,23,19,0,6,6,27,30,19,20,33,35,48,26,29,0,7,-14,64,0,0,0,0,0,0,0,22,0,43,0,0,0,0,-23,0,0,10,10,21,0,0,0,0,0,6,0,0,0,438,425,412,0,0,0,29,29,29,29,37,29,29,29,37,8,8,0,12,8,8,8,8,8,8,8,37,0,0,0,0,0,0,0,0,0]} 1. d4 Nf6 2. c4 e6 3. g3 d5 4. Nf3 c6 5. Qc2 Nbd7 6. Bg2 g6 7. O-O Bg7 8. Nbd2 O-O 9. e4 dxe4 10. Nxe4 Nxe4 11. Qxe4 Nf6 {D78: Fianchetto Grünfeld: 6 0-0 c6.} 12. Qc2 Re8 13. Rd1 {[#]} Qb6 $146 {White is slightly better.} ({Predecessor:} 13... Bd7 14. Bf4 Rc8 15. Rac1 Nh5 16. Bd6 Bf8 17. Bxf8 Rxf8 18. Ne5 Qe7 19. Qa4 Be8 20. Qxa7 {1-0 (49) Petrosyan,T (2197)-Denesh,N (2002) Batumi 2010}) 14. Be3 (14. Bf4 $16) 14... Ng4 $1 $11 15. Bf4 e5 16. dxe5 Bf5 17. Qe2 f6 {[%cal Rf6e5]} 18. Nd4 fxe5 19. Nxf5 gxf5 20. Bg5 e4 21. h3 Ne5 22. Be3 Qa6 (22... Qc7 $11) 23. Bd4 (23. Qh5 $14) 23... Qxc4 24. Qxc4+ Nxc4 25. Bxg7 Kxg7 26. Rd7+ Kg6 27. Rxb7 a5 28. Rc1 Ne5 29. Rc5 h5 30. Bf1 Kf6 31. Be2 Ke6 32. Rh7 $36 {[%mdl 2048] With the idea Rh6+. White has some pressure.} Kd6 33. Rc1 {next Rd1+ is good for White.} Rh8 34. Rxh5 Rxh5 35. Bxh5 {[%mdl 4096] Endgame KRB-KRN} Rh8 36. g4 fxg4 37. hxg4 Nxg4 $2 {[%mdl 8192]} (37... Rg8 $11) 38. Bxg4 {KRB-KR} Rg8 {[#]} 39. Rc4 $2 (39. f3 $1 $18) 39... Rxg4+ {KR-KR} 40. Kf1 Kd5 41. Ra4 c5 42. Rxa5 Kd4 43. Ke2 Rg1 44. Ra4+ Kd5 45. Ra3 Rc1 46. Rc3 Rb1 47. Rc2 c4 48. Ke3 Re1+ 49. Re2 Ra1 50. a3 Ke5 51. Kd2 {Threatens to win with f3.} Kd4 $1 {The position is equal.} 52. Kc2 {[#] Strongly threatening Rd2+.} Rh1 53. Rd2+ Kc5 $1 54. b3 cxb3+ 55. Kxb3 {Accuracy: White = 80%, Black = 77%.} 1/2-1/2

[Event "FIDE Open Sachove Univerzity QCC"]
[Site "Ceske Budejovice"]
[Date "2020.07.02"]
[Round "2.10"]
[White "Berka, Lubos"]
[Black "Trcka, Bohdan"]
[Result "1-0"]
[WhiteElo "1718"]
[BlackElo "1528"]
[Annotator "NA"]
[PlyCount "69"]
[EventDate "2020.07.01"]
[EventType "swiss"]
[EventCountry "CZE"]
[SourceTitle "playchess.com"]
[Source "ChessBase"]
[SourceQuality "1"]
[TimeControl "40/5400+30:1800+30"]

1. e4 {[%emt 0:00:00]} e5 {[%emt 0:14:27]} 2. Nf3 {[%emt 0:00:00]} d6 {[%emt 0:00:05]} 3. d4 {[%emt 0:00:47]} exd4 {[%emt 0:01:12]} 4. Nxd4 {[%emt 0:00:16]} c5 {[%emt 0:00:16]} 5. Bb5+ {[%emt 0:02:22]} Bd7 {[%emt 0:00:35]} 6. Bxd7+ {[%emt 0:00:25]} Nxd7 {[%emt 0:00:16]} 7. Nf5 {[%emt 0:01:55]} Ndf6 {[%emt 0:00:56]} 8. O-O {[%emt 0:01:30]} g6 {[%emt 0:00:11]} 9. Ng3 {[%emt 0:00:36]} Bh6 {[%emt 0:00:41]} 10. Nc3 {[%emt 0:01:03]} Bxc1 {[%emt 0:00:08]} 11. Rxc1 {[%emt 0:00:20]} Qd7 {[%emt 0:00:39]} 12. Qe2 {[%emt 0:03:15]} O-O-O {[%emt 0:00:21]} 13. Rfd1 {[%emt 0:01:18]} Qg4 {[%emt 0:01:03]} 14. Qxg4+ {[%emt 0:02:11]} Nxg4 {[%emt 0:00:02]} 15. Nb5 {[%emt 0:00:22]} Kb8 {[%emt 0:00:26]} 16. Rxd6 {[%emt 0:05:19]} Rxd6 {[%emt 0:00:13]} 17. Nxd6 {[%emt 0:00:04]} N8h6 {[%emt 0:00:08]} 18. h3 {[%emt 0:02:53]} Ne5 {[%emt 0:01:18]} 19. f4 {[%emt 0:01:56]} Nc6 {[%emt 0:00:18]} 20. e5 {[%emt 0:02:39]} Nd4 {[%emt 0:00:29]} 21. c3 {[%emt 0:00:39]} Ne6 {[%emt 0:00:09]} 22. Rf1 {[%emt 0:01:01]} Rf8 {[%emt 0:03:25]} 23. Nge4 {[%emt 0:01:33]} b6 {[%emt 0:00:42]} 24. Nf6 {[%emt 0:03:21]} Rh8 {[%emt 0:00:18]} 25. g3 {[%emt 0:00:54]} g5 {[%emt 0:00:40]} 26. f5 {[%emt 0:01:17]} Nd8 {[%emt 0:00:44]} 27. g4 {[%emt 0:01:14]} Nc6 {[%emt 0:00:30]} 28. Re1 {[%emt 0:03:21]} Nd8 {[%emt 0:00:31]} 29. e6 {[%emt 0:01:07]} fxe6 {[%emt 0:01:14]} 30. fxe6 {[%emt 0:00:28]} Ng8 {[%emt 0:00:11]} 31. Nxg8 {[%emt 0:00:35]} Nxe6 {[%emt 0:00:34]} 32. Rxe6 {[%emt 0:00:14]} Rxg8 {[%emt 0:00:03]} 33. Re8+ {[%emt 0:00:13]} Rxe8 {[%emt 0:00:13]} 34. Nxe8 {[%emt 0:00:05]} h6 {[%emt 0:00:08]} 35. Nd6 {[%emt 0:00:25]} 1-0

[Event "FIDE Open Sachove Univerzity QCC"]
[Site "Ceske Budejovice"]
[Date "2020.07.02"]
[Round "2.11"]
[White "Strapec, Lukas"]
[Black "Molnar, Ladislav"]
[Result "1/2-1/2"]
[WhiteElo "1525"]
[BlackElo "1712"]
[Annotator "NA"]
[PlyCount "94"]
[EventDate "2020.07.01"]
[EventType "swiss"]
[EventCountry "CZE"]
[SourceTitle "playchess.com"]
[Source "ChessBase"]
[SourceQuality "1"]
[TimeControl "40/5400+30:1800+30"]

1. b3 {[%emt 0:00:00]} d5 {[%emt 0:01:24]} 2. Bb2 {[%emt 0:00:36]} Nc6 {[%emt 0:00:59]} 3. e3 {[%emt 0:00:42]} Nf6 {[%emt 0:05:53]} 4. Nf3 {[%emt 0:01:49]} Bg4 {[%emt 0:01:17]} 5. Be2 {[%emt 0:02:40]} e6 {[%emt 0:00:42]} 6. O-O {[%emt 0:02:31]} Bd6 {[%emt 0:00:59]} 7. c4 {[%emt 0:01:14]} O-O {[%emt 0:01:08]} 8. Nc3 {[%emt 0:01:35]} Ne7 {[%emt 0:06:53]} 9. d4 {[%emt 0:04:41]} dxc4 {[%emt 0:04:16]} 10. bxc4 {[%emt 0:02:36]} c5 {[%emt 0:07:56]} 11. d5 {[%emt 0:11:45]} e5 {[%emt 0:07:46]} 12. e4 {[%emt 0:02:34]} Ng6 {[%emt 0:01:46]} 13. h3 {[%emt 0:13:26]} Bd7 {[%emt 0:03:03]} 14. Rb1 {[%emt 0:04:34]} b6 {[%emt 0:04:32]} 15. Bc1 {[%emt 0:06:28]} h6 {[%emt 0:00:28]} 16. Nh2 {[%emt 0:01:16]} Qc8 {[%emt 0:06:02]} 17. Nf3 {[%emt 0:05:09]} Nh5 {[%emt 0:09:22]} 18. Nb5 {[%emt 0:03:08]} Bxb5 {[%emt 0:00:36]} 19. cxb5 {[%emt 0:01:01]} Nhf4 {[%emt 0:01:07]} 20. Bxf4 {[%emt 0:02:24]} Nxf4 {[%emt 0:00:52]} 21. Nd2 {[%emt 0:00:46]} Qd8 {[%emt 0:02:28]} 22. Kh2 {[%emt 0:03:56]} Qg5 {[%emt 0:04:27]} 23. g3 {[%emt 0:01:27]} Ng6 {[%emt 0:01:41]} 24. Nc4 {[%emt 0:02:06]} Rad8 {[%emt 0:00:45]} 25. Qa4 {[%emt 0:01:31]} Bb8 {[%emt 0:01:12]} 26. Qc2 {[%emt 0:03:10]} Nh8 {[%emt 0:05:40]} 27. Qd2 {[%emt 0:01:59]} Qe7 {[%emt 0:02:07]} 28. Bg4 {[%emt 0:03:14]} Bd6 {[%emt 0:02:06]} 29. Qe3 {[%emt 0:01:21]} g5 {[%emt 0:03:07]} 30. Qc3 {[%emt 0:02:06]} Qc7 {[%emt 0:01:33]} 31. Ne3 {[%emt 0:01:42]} Ng6 {[%emt 0:02:05]} 32. Nf5 {[%emt 0:01:05]} Kh7 {[%emt 0:00:44]} 33. Kg2 {[%emt 0:08:25]} Ne7 {[%emt 0:01:24]} 34. Ne3 {[%emt 0:00:27]} Ng8 {[%emt 0:01:46]} 35. Nc4 {[%emt 0:01:52]} Nf6 {[%emt 0:01:14]} 36. Bf5+ {[%emt 0:00:13]} Kg7 {[%emt 0:00:37]} 37. a4 {[%emt 0:00:29]} Rh8 {[%emt 0:00:45]} 38. a5 {[%emt 0:00:39]} Ra8 {[%emt 0:01:41]} 39. axb6 {[%emt 0:01:23]} axb6 {[%emt 0:03:45]} 40. Ra1 {[%emt 0:01:14]} Rxa1 {[%emt 0:01:03]} 41. Rxa1 {[%emt 0:05:26]} Rb8 {[%emt 0:01:10]} 42. Ra6 {[%emt 0:00:30]} Ng8 {[%emt 0:00:30]} 43. f4 {[%emt 0:00:30]} f6 {[%emt 0:00:30]} 44. Qa1 {[%emt 0:00:30]} Rb7 {[%emt 0:02:38]} 45. fxe5 {[%emt 0:03:15]} Bxe5 {[%emt 0:01:56]} 46. Qd1 {[%emt 0:03:45]} Bd6 {[%emt 0:01:34]} 47. g4 {[%emt 0:03:33]} Ne7 {[%emt 0:00:48]} 1/2-1/2

[Event "FIDE Open Sachove Univerzity QCC"]
[Site "Ceske Budejovice"]
[Date "2020.07.02"]
[Round "2.11"]
[White "Klimes, Roman"]
[Black "Pesek, Petr"]
[Result "1-0"]
[WhiteElo "1349"]
[BlackElo "1927"]
[Annotator "ChessBase"]
[PlyCount "57"]
[EventDate "2020.07.01"]
[EventType "swiss"]
[EventCountry "CZE"]
[SourceTitle "playchess.com"]
[Source "ChessBase"]
[SourceQuality "1"]
[TimeControl "40/5400+30:1800+30"]

1. e4 {[%emt 0:01:22]} e5 {[%emt 0:00:00]} 2. Nf3 {[%emt 0:00:14]} Nc6 {[%emt 0:00:00]} 3. Bc4 {[%emt 0:00:17]} Bc5 {[%emt 0:00:00]} 4. O-O {[%emt 0:01:02]} Nf6 {[%emt 0:00:00]} 5. Nc3 {[%emt 0:01:58]} d6 {[%emt 0:00:19]} 6. d3 {[%emt 0:11:15]} Bg4 {[%emt 0:02:44]} 7. h3 {[%emt 0:00:52]} Bxf3 {[%emt 0:03:21]} 8. Qxf3 {[%emt 0:00:06]} Nd4 {[%emt 0:01:15]} 9. Qd1 {[%emt 0:02:39]} O-O {[%emt 0:04:21]} 10. Ne2 {[%emt 0:02:13]} Nxe2+ {[%emt 0:04:36]} 11. Qxe2 {[%emt 0:00:02]} c6 {[%emt 0:02:35]} 12. a4 {[%emt 0:03:23]} d5 {[%emt 0:01:21]} 13. exd5 {[%emt 0:06:20]} cxd5 {[%emt 0:00:49]} 14. Ba2 {[%emt 0:01:35]} d4 {[%emt 0:02:02]} 15. Qxe5 {[%emt 0:02:38]} Qe7 {[%emt 0:01:21]} 16. Re1 {[%emt 0:08:35]} Bd6 {[%emt 0:01:45]} 17. Qxe7 {[%emt 0:00:52]} Bxe7 {[%emt 0:00:21]} 18. Rxe7 {[%emt 0:00:19]} Rae8 {[%emt 0:00:56]} 19. Rxe8 {[%emt 0:02:07]} Rxe8 {[%emt 0:00:11]} 20. Bg5 {[%emt 0:02:53]} Nd5 {[%emt 0:01:32]} 21. Bxd5 {[%emt 0:00:25]} Re5 {[%emt 0:00:58]} 22. Bxb7 {[%emt 0:03:27]} Rxg5 {[%emt 0:00:28]} 23. Re1 {[%emt 0:00:20]} h6 {[%emt 0:00:43]} 24. b4 {[%emt 0:02:54]} a5 {[%emt 0:01:00]} 25. b5 {[%emt 0:01:06]} Rg6 {[%emt 0:00:16]} 26. Re8+ {[%emt 0:00:48]} Kh7 {[%emt 0:00:08]} 27. Be4 {[%emt 0:00:48]} f5 {[%emt 0:00:57]} 28. Bxf5 {[%emt 0:00:00]} h5 {[%emt 0:00:30]} 29. h4 {[%emt 0:00:00]} 1-0